[Event "Open Semana Santa 2023"]
[Site "?"]
[Date "2023.04.07"]
[Round "5.12"]
[White "IM Kosakowski, Jakub"]
[Black "IM Garrido Outon, Alex"]
[Result "1/2-1/2"]
[WhiteElo "2479"]
[BlackElo "2379"]
[Annotator "Usuario"]
[PlyCount "98"]

1. e4 c5 2. Nf3 d6 3. d4 cxd4 4. Nxd4 Nf6 5. Nc3 a6 6. Be2 e5 7. Nf3 Be7 8. Bg5
Be6 9. Bxf6 Bxf6 10. O-O O-O 11. Nd5 Nd7 12. Bc4 Qc8 13. Qe2 Bd8 14. Rfd1 b5
15. Bb3 Nc5 16. a3 Nxb3 17. cxb3 Qb7 18. Rd2 f5 19. Rad1 Kh8 20. exf5 Bxf5 21.
Ne3 Bg6 22. Rxd6 Bh5 23. Rd7 Qe4 24. R1d2 Bh4 25. Nd1 Bxf3 26. gxf3 Qg6+ 27.
Kh1 Bg5 28. R2d6 Qh5 29. Qxe5 Qxf3+ 30. Kg1 Bf6 31. Qg3 Qf5 32. Ne3 Qb1+ 33.
Rd1 Qxb2 34. Ng4 Rae8 35. Nxf6 Qxf6 36. R7d6 Re6 37. Rxe6 Qxe6 38. Rd4 $11 h6
39. a4 b4 40. h3 a5 41. Rg4 Qf6 42. Qe3 Rd8 43. Kg2 Qf5 44. Qe4 Qf7 45. Rg3 Re8
46. Rf3 Rxe4 47. Rxf7 Re5 48. Ra7 Kh7 49. Ra6 Rd5 1/2-1/2

[Event "Open Semana Santa 2023"]
[Site "?"]
[Date "2023.04.07"]
[Round "5.13"]
[White "GM Movsziszian, Karen"]
[Black "GM Plaskett, H James"]
[Result "1/2-1/2"]
[WhiteElo "2468"]
[BlackElo "2371"]
[PlyCount "38"]

1. g3 g6 2. Bg2 Bg7 3. c4 c5 4. Nc3 Nc6 5. a3 a6 6. Rb1 Rb8 7. b4 cxb4 8. axb4
b5 9. cxb5 axb5 10. Nf3 Nf6 11. d4 O-O 12. d5 Ng4 13. Ne4 Nce5 14. Nxe5 Nxe5
15. d6 e6 16. Be3 Bb7 17. O-O Nc4 18. Bc5 Bd5 19. Nd2 Bxg2 1/2-1/2

[Event "Open Semana Santa 2023"]
[Site "?"]
[Date "2023.04.07"]
[Round "5.14"]
[White "FM Davtyan, David Arm."]
[Black "IM Plazuelo Pascual, Juan"]
[Result "0-1"]
[WhiteElo "2374"]
[BlackElo "2449"]
[Annotator "Usuario"]
[PlyCount "136"]

1. d4 d5 2. c4 e6 3. Nf3 Nf6 4. g3 dxc4 5. Bg2 c5 6. O-O Nc6 7. Ne5 Bd7 8. Na3
cxd4 9. Naxc4 Be7 10. Qb3 Qc7 11. Bf4 Nh5 $11 12. Nxc6 Nxf4 13. Nxe7 Nxg2 14.
Kxg2 Qc5 15. Qxb7 Kxe7 16. Qb3 Bc6+ 17. f3 Bd5 18. Rac1 Rhc8 19. Qd1 Bxc4 20.
b3 Bxe2 21. Qxe2 Qd5 22. Qd2 a5 23. Rfd1 g5 24. Rc4 Rxc4 25. bxc4 Qc5 26. Rb1
h6 27. Rb7+ Kf6 28. Qd3 Kg7 29. Rb5 Qd6 30. c5 Qd5 31. c6 $11 Qxc6 32. Qxd4+
Kh7 33. Qe4+ Qxe4 34. fxe4 Rc8 35. Rxa5 Rc2+ 36. Kg1 g4 37. a4 Kg6 38. Re5 Rc1+
39. Kg2 Rc2+ 40. Kg1 Ra2 41. a5 Ra4 42. Kf2 Kf6 43. Rh5 Kg6 44. Re5 Kf6 45. Rh5
Rxe4 46. Rxh6+ Kg7 47. Rh5 f5 48. Rg5+ Kf7 49. Rh5 Kg7 50. Rg5+ Kf7 51. Rh5 Ra4
52. Rh7+ Kf6 53. Ra7 Ra2+ 54. Kg1 Ke5 55. Ra6 Kd5 56. Kh1 Ke5 57. Kg1 Kd5 58.
Kh1 e5 59. Rf6 Ke4 60. a6 Kd4 61. Rxf5 Rxa6 62. Rg5 Ke4 63. Rxg4+ Kf3 64. h3 e4
65. Rg8 e3 66. Rf8+ Kxg3 67. Rg8+ Kxh3 68. Rg1 e2 0-1

[Event "Open Semana Santa 2023"]
[Site "?"]
[Date "2023.04.07"]
[Round "5.15"]
[White "IM Suarez Uriel, Adrian"]
[Black "GM Moskalenko, Viktor"]
[Result "1-0"]
[WhiteElo "2356"]
[BlackElo "2443"]
[PlyCount "155"]

1. e4 e6 2. d4 d5 3. e5 c5 4. c3 Nc6 5. Nf3 Nge7 6. Na3 cxd4 7. cxd4 Nf5 8. Nc2
Qb6 9. Bd3 Bd7 10. O-O a5 11. Kh1 h6 12. h3 Nb4 13. Nxb4 axb4 14. g4 Ne7 15.
Qe2 Ng6 16. Be3 Be7 17. Rg1 Ra5 18. Qc2 Nf8 19. Nd2 Ra8 20. a4 bxa3 21. bxa3
Ba4 22. Qa2 Bc6 23. Rgb1 Qd8 24. Qb3 g5 25. a4 Ng6 26. Nf3 Kf8 27. Kg2 Kg7 28.
Bd2 h5 29. Bxg6 Kxg6 30. Bb4 Bxb4 31. Qxb4 Qf8 32. Qd2 Qh6 33. Rh1 Rxa4 34.
Qc2+ Kg7 35. Rxa4 Bxa4 36. Qxa4 hxg4 37. Ng1 Qh7 38. Qd1 Qe4+ 39. f3 gxf3+ 40.
Qxf3 Ra8 41. Qxe4 dxe4 42. Ne2 Ra3 43. Rb1 Re3 44. Ng3 Kg6 45. Rxb7 Rd3 46. Ne2
Re3 47. Rb2 Kh5 48. Ng1 Rd3 49. Ne2 Re3 50. Rd2 g4 51. hxg4+ Kxg4 52. Nc1 Rg3+
53. Kf1 Rh3 54. Rc2 Kf3 55. Ne2 Rh1+ 56. Ng1+ Ke3 57. Kg2 Rh8 58. Ne2 Rg8+ 59.
Kf1 Rh8 60. Rc3+ Kd2 61. Ra3 Rh1+ 62. Kg2 Rh4 63. Ng3 Rg4 64. Rb3 e3 65. Kf3
Rxd4 66. Rxe3 Rh4 67. Ne4+ Kc2 68. Ng5 Kd2 69. Re4 Rh1 70. Rd4+ Kc3 71. Rd7
Rf1+ 72. Ke2 Rg1 73. Nxf7 Rg7 74. Ke3 Kb4 75. Rd4+ Kc5 76. Rd7 Rg3+ 77. Kf4 Rg7
78. Rb7 1-0

[Event "Open Semana Santa 2023"]
[Site "?"]
[Date "2023.04.07"]
[Round "5.16"]
[White "FM Habans Aguerrea, Javier"]
[Black "IM Gomez Ledo, Roberto Carlos"]
[Result "1/2-1/2"]
[WhiteElo "2343"]
[BlackElo "2437"]
[Annotator "Usuario"]
[PlyCount "94"]

1. d4 d5 2. c4 dxc4 3. e3 Nf6 4. Bxc4 e6 5. Nf3 c5 6. O-O a6 7. b3 cxd4 8. Nxd4
Be7 9. Bb2 O-O 10. Nd2 b5 11. Be2 Bb7 12. a4 Nc6 13. N2f3 Qd5 14. Nxc6 Bxc6 15.
Qxd5 Bxd5 16. Nd4 bxa4 17. Rxa4 a5 18. Rfa1 $11 Bb4 19. Ba3 Bc3 20. Bxf8 Bxa1
21. Rxa1 Kxf8 22. Bf3 Rc8 23. Kf1 Rc5 24. Bxd5 Nxd5 25. Ke2 g6 26. Kd2 Nb4 27.
f4 Ke7 28. Rc1 Rxc1 29. Kxc1 Kd6 30. Kd2 Kd5 31. Nb5 Kc5 32. Na3 f6 33. g3 h6
34. h3 f5 35. h4 Nd5 36. Nc2 Nf6 37. Nd4 Ne4+ 38. Kc2 Kd5 39. Ne2 Kd6 40. Kd3
Kc5 41. Kc2 Kb4 42. Nd4 Nxg3 43. Nc6+ Kb5 44. Nd8 Kc5 45. Kd3 Kd5 46. Nb7 Ne4
47. Nxa5 Nc5+ 1/2-1/2

[Event "Open Semana Santa 2023"]
[Site "?"]
[Date "2023.04.07"]
[Round "5.17"]
[White "GM Ubilava, Elizbar"]
[Black "WIM Kamalidenova, Meruert"]
[Result "1/2-1/2"]
[WhiteElo "2435"]
[BlackElo "2342"]
[PlyCount "100"]

1. d4 d5 2. c4 e6 3. Nf3 Nf6 4. Nc3 c6 5. cxd5 exd5 6. Bg5 Be7 7. Qc2 g6 8.
Bxf6 Bxf6 9. e4 dxe4 10. Qxe4+ Qe7 11. Bc4 O-O 12. Qxe7 Bxe7 13. O-O Nd7 14.
Rfe1 Bf6 15. Ne4 Bg7 16. Nd6 Nb6 17. Bb3 Bg4 18. Ne5 Bxe5 19. Rxe5 Rad8 20.
Nxb7 Rxd4 21. f3 Bd7 22. Nc5 Ra8 23. Re7 Be8 24. Rd1 Rxd1+ 25. Bxd1 Kf8 26. Rb7
Nc4 27. Be2 Nd6 28. Rc7 Nb5 29. Rb7 Nd6 30. Rb4 Nb5 31. a4 a5 32. Rh4 Nd6 33.
Rxh7 Nf5 34. Bd3 Ne7 35. Rh4 Rd8 36. Rc4 Nc8 37. Kf2 Nb6 38. Rc3 Nd5 39. Ra3
Nb4 40. Ke2 Rd5 41. Rc3 f5 42. Ne6+ Ke7 43. Nf4 Rd4 44. Rc4 Rd6 45. Bb1 Bf7 46.
Rc3 Rd4 47. Nd3 Kd6 48. b3 Nd5 49. Rc1 Nb4 50. Rc3 Nd5 1/2-1/2

[Event "Open Semana Santa 2023"]
[Site "?"]
[Date "2023.04.07"]
[Round "5.18"]
[White "GM Jacobson, Brandon"]
[Black "FM Bettalli, Francesco"]
[Result "1/2-1/2"]
[WhiteElo "2556"]
[BlackElo "2200"]
[PlyCount "83"]

1. Nf3 g6 2. d4 Nf6 3. c4 Bg7 4. Nc3 d5 5. cxd5 Nxd5 6. e4 Nxc3 7. bxc3 c5 8.
Rb1 O-O 9. Be2 cxd4 10. cxd4 Qa5+ 11. Bd2 Qxa2 12. O-O b6 13. Qc1 Qe6 14. Bc4
Qxe4 15. Re1 Qb7 16. Bh6 Bf5 17. Rb5 Qc8 18. Ne5 a6 19. Rxb6 Nd7 20. Rc6 Qd8
21. Nxf7 Rxf7 22. Bxf7+ Kxf7 23. Qc4+ Kf8 24. Bxg7+ Kxg7 25. d5 Qa5 26. Qd4+
Kf7 27. Rc3 Nf6 28. d6 exd6 29. h3 h5 30. Rce3 Qc7 31. Qf4 Qd7 32. Rf3 Kg7 33.
Rfe3 Re8 34. Rxe8 Nxe8 35. Qd4+ Nf6 36. Ra1 Qe7 37. Qc3 Qe5 38. Qc7+ Bd7 39.
Rd1 a5 40. Rxd6 Qe1+ 41. Kh2 Qxf2 42. Ra6 1/2-1/2

[Event "Open Semana Santa 2023"]
[Site "?"]
[Date "2023.04.07"]
[Round "5.19"]
[White "GM Dvirnyy, Danyyil"]
[Black "FM Escartin Lacasa, Jose"]
[Result "1/2-1/2"]
[WhiteElo "2541"]
[BlackElo "2298"]
[PlyCount "79"]

1. e4 c5 2. Nf3 Nc6 3. Bb5 e6 4. O-O Nge7 5. Re1 a6 6. Bf1 d5 7. exd5 Nxd5 8.
d4 cxd4 9. Nxd4 Bc5 10. Nxc6 bxc6 11. c4 Qf6 12. Re2 Nf4 13. Bxf4 Qxf4 14. Nc3
O-O 15. Na4 Bd4 16. g3 Qf6 17. Bg2 e5 18. Rd2 Rb8 19. Qe1 Bf5 20. Rc1 Rfe8 21.
Nc3 h5 22. h4 g5 23. Ne4 Bxe4 24. Qxe4 gxh4 25. gxh4 Bxb2 26. Rcc2 Bd4 27. Rd3
Kh8 28. Rf3 Qg6 29. Rf5 Rg8 30. Qf3 Rg7 31. Rxh5+ Kg8 32. Re2 Qg4 33. Kh2 c5
34. Rh6 Qxf3 35. Bxf3 Rg6 36. Rxg6+ fxg6 37. Be4 Kf7 38. Kg3 Kf6 39. f4 Rb2 40.
Rxb2 1/2-1/2

[Event "Open Semana Santa 2023"]
[Site "?"]
[Date "2023.04.07"]
[Round "5.20"]
[White "GM Brunello, Sabino"]
[Black "Rey Martinez, Jaime"]
[Result "1-0"]
[WhiteElo "2510"]
[BlackElo "2283"]
[PlyCount "89"]

1. c4 c5 2. Nf3 Nc6 3. d4 cxd4 4. Nxd4 g6 5. e4 Nf6 6. Nc3 d6 7. Nc2 Bg7 8. Be2
Be6 9. O-O O-O 10. f4 Rc8 11. f5 Bd7 12. g4 Ne5 13. g5 Ne8 14. Ne3 f6 15. Ned5
Kh8 16. b3 e6 17. fxe6 Bxe6 18. gxf6 Nxf6 19. Bg5 Ned7 20. Qd2 Bxd5 21. exd5
Qa5 22. Rae1 a6 23. Kg2 b5 24. Ne4 Qxd2 25. Nxd2 Ne5 26. Bxf6 Bxf6 27. Ne4 Bh4
28. Rxf8+ Rxf8 29. Rf1 Rxf1 30. Kxf1 bxc4 31. Bxc4 Be7 32. Bxa6 Ng4 33. Ke2
Nxh2 34. Bc8 g5 35. a4 g4 36. a5 Bd8 37. a6 Bb6 38. Nxd6 Kg7 39. Nc4 Ba7 40. d6
Nf3 41. d7 Nd4+ 42. Kf1 Ne6 43. b4 Kf8 44. b5 Ke7 45. b6 1-0

[Event "Open Semana Santa 2023"]
[Site "?"]
[Date "2023.04.07"]
[Round "5.21"]
[White "IM Candela Perez, Jose"]
[Black "IM Tiglon, Bryce"]
[Result "1/2-1/2"]
[WhiteElo "2299"]
[BlackElo "2502"]
[PlyCount "45"]

1. e4 c5 2. Nf3 d6 3. Bb5+ Nd7 4. O-O a6 5. Bd3 Ngf6 6. c3 b5 7. Bc2 Bb7 8. Re1
c4 9. b4 e5 10. a4 Be7 11. Na3 O-O 12. axb5 axb5 13. d3 d5 14. exd5 Nxd5 15.
Bd2 N5f6 16. dxc4 bxc4 17. Qe2 Bd6 18. Nxc4 Rxa1 19. Rxa1 Bb8 20. Na5 Ba8 21.
Nc4 Bb7 22. Na5 Ba8 23. Nc4 1/2-1/2

[Event "Open Semana Santa 2023"]
[Site "?"]
[Date "2023.04.07"]
[Round "5.22"]
[White "GM Arizmendi Martinez, Julen Luis"]
[Black "FM Cappelletto, Joshuaede"]
[Result "1/2-1/2"]
[WhiteElo "2494"]
[BlackElo "2266"]
[Annotator "Usuario"]
[PlyCount "76"]

1. Nf3 c5 2. e3 g6 3. d4 Bg7 4. d5 Nf6 5. Nc3 O-O 6. Bc4 d6 7. h3 e5 8. dxe6
Bxe6 9. Bxe6 fxe6 10. e4 d5 11. Ng5 Qe7 12. O-O d4 13. Ne2 Nc6 14. e5 Nxe5 15.
Nf4 Nd5 16. Ngxe6 Nxf4 17. Nxf4 Rae8 18. b3 Qd6 19. Nd3 Nc6 $11 20. Re1 Qd5 21.
Ba3 b6 22. Qd2 Ne5 23. Re2 Nxd3 24. cxd3 Bh6 25. Qc2 Re5 26. Rae1 Rfe8 27. b4
Bf8 28. bxc5 bxc5 29. Rxe5 Rxe5 30. Rxe5 Qxe5 31. Qc4+ Kg7 32. g3 Bd6 33. Kg2
g5 34. Bc1 h5 35. Qb5 Qd5+ 36. Kg1 Qe6 37. Bxg5 Bxg3 38. fxg3 Qe1+ 1/2-1/2

[Event "Open Semana Santa 2023"]
[Site "?"]
[Date "2023.04.07"]
[Round "5.23"]
[White "FM Ibanez Aullana, Ramon"]
[Black "IM Chen, Qi B"]
[Result "1/2-1/2"]
[WhiteElo "2292"]
[BlackElo "2493"]
[Annotator "Usuario"]
[PlyCount "67"]

1. d4 Nf6 2. Nf3 b6 3. c4 Bb7 4. Nc3 e6 5. a3 Ne4 6. Nxe4 Bxe4 7. Nd2 Bb7 8. e4
g6 9. Bd3 Bg7 10. Nf3 O-O 11. Bg5 Qe8 12. h4 Nc6 13. e5 d5 14. cxd5 exd5 15.
O-O Qd7 16. Rc1 a6 17. Qd2 f6 18. exf6 Bxf6 19. Bxf6 Rxf6 20. Ne5 Nxe5 21. dxe5
Rf7 22. h5 c5 23. hxg6 hxg6 24. Qg5 Rg7 25. Rfe1 Re8 26. Re3 c4 27. Be2 b5 28.
e6 Qd6 29. Bg4 d4 30. Re5 d3 31. Rce1 Qe7 32. Qd2 Qf6 33. Qe3 Rge7 34. b3 $11
1/2-1/2

[Event "Open Semana Santa 2023"]
[Site "?"]
[Date "2023.04.07"]
[Round "5.24"]
[White "GM Solodovnichenko, Yuri"]
[Black "FM Moral Garcia, Serafin"]
[Result "1-0"]
[WhiteElo "2489"]
[BlackElo "2258"]
[PlyCount "137"]

1. e4 e5 2. Nf3 Nc6 3. Bb5 a6 4. Ba4 Nf6 5. O-O Be7 6. Re1 b5 7. Bb3 d6 8. c3
O-O 9. h3 Na5 10. Bc2 c5 11. d4 Nd7 12. dxc5 dxc5 13. Nbd2 Bb7 14. Qe2 Qc7 15.
Nf1 c4 16. Ne3 Nc5 17. Nd5 Bxd5 18. exd5 f6 19. Nh4 Bd6 20. Rb1 Nab7 21. b4
cxb3 22. axb3 Qf7 23. b4 Nd7 24. Bf5 Nd8 25. Qd3 g5 26. Nf3 Nb6 27. Nd2 Kh8 28.
Ne4 Nc4 29. Be3 Nb7 30. g3 Rfd8 31. Be6 Qg6 32. g4 Be7 33. Bc5 Nbd6 34. f3 a5
35. Ra1 a4 36. Ra2 Kg7 37. Qf1 h5 38. gxh5 Qxh5 39. Rg2 Rh8 40. f4 exf4 41.
Qxf4 Qh4 42. Qf1 Rh6 43. Bg4 Nxe4 44. Rxe4 Bxc5+ 45. bxc5 a3 46. Re7+ Kf8 47.
Ree2 a2 48. Rxa2 Rxa2 49. Rxa2 Qg3+ 50. Rg2 Qe3+ 51. Qf2 Qc1+ 52. Kh2 Qxc3 53.
Rg3 Qe5 54. d6 Kg7 55. d7 Rh8 56. c6 Qd6 57. Qa7 Qd2+ 58. Rg2 Qf4+ 59. Kh1 Qf1+
60. Qg1 Qf4 61. Qh2 Qf1+ 62. Rg1 Qd3 63. c7 Ne3 64. c8=Q Qd5+ 65. Rg2 Nxg4 66.
Qxh8+ Kxh8 67. hxg4+ Kg7 68. Qc7 Qd1+ 69. Kh2 1-0

[Event "Open Semana Santa 2023"]
[Site "?"]
[Date "2023.04.07"]
[Round "5.25"]
[White "FM Remolar Gallen, Jose"]
[Black "IM Garriga Cazorla, Pere"]
[Result "1/2-1/2"]
[WhiteElo "2283"]
[BlackElo "2476"]
[PlyCount "110"]

1. e4 c5 2. Nf3 d6 3. d4 cxd4 4. Nxd4 Nf6 5. Nc3 a6 6. h3 e5 7. Nb3 Be6 8. Be3
Nbd7 9. Bd3 Rc8 10. Qf3 Be7 11. O-O O-O 12. Rfd1 Qc7 13. a4 h6 14. a5 Rfe8 15.
Nd2 Qc6 16. Qg3 Kh8 17. Be2 Qc7 18. Nf1 Qd8 19. Qf3 Bf8 20. g4 Nh7 21. Ng3 g6
22. Qg2 Rc6 23. Rd2 Qh4 24. Nd5 Bxd5 25. exd5 Rcc8 26. Bf1 Ng5 27. f3 Nh7 28.
c4 Bg7 29. Ra3 Rf8 30. Bf2 Qg5 31. Ne4 Qe7 32. Bd3 f5 33. gxf5 gxf5 34. Ng3 Qg5
35. Rd1 Nc5 36. h4 Qxh4 37. Nxf5 Qf6 38. Bxc5 Rxc5 39. Qxg7+ Qxg7+ 40. Nxg7
Kxg7 41. b4 Rcc8 42. Be2 Ng5 43. Rc3 Rf4 44. Rdc1 Kf6 45. c5 Rg8 46. Kf1 e4 47.
c6 exf3 48. b5 fxe2+ 49. Kxe2 Rb4 50. cxb7 Re8+ 51. Kf1 Rxb5 52. Rc8 Re5 53.
b8=Q Rxb8 54. Rxb8 Rxd5 55. Rc6 Rxa5 1/2-1/2

[Event "Open Semana Santa 2023"]
[Site "?"]
[Date "2023.04.07"]
[Round "5.26"]
[White "IM Pijpers, Arthur"]
[Black "IM Kovacevic, Slobodan"]
[Result "1-0"]
[WhiteElo "2474"]
[BlackElo "2226"]
[PlyCount "59"]

1. e4 c5 2. Nf3 e6 3. d4 cxd4 4. Nxd4 a6 5. Nc3 Qc7 6. Bd3 Nf6 7. Qe2 d6 8. f4
Nbd7 9. g4 g6 10. g5 Nh5 11. Be3 Nc5 12. f5 Be7 13. O-O-O O-O 14. f6 Bd8 15.
Qf3 Nxd3+ 16. Rxd3 Qb8 17. Nde2 b5 18. Ng3 b4 19. Nce2 Bb7 20. Nxh5 gxh5 21.
Qxh5 Kh8 22. Qh4 Rg8 23. Bd2 Rg6 24. Nf4 Bxe4 25. Nxg6+ Bxg6 26. Qh6 Bxf6 27.
gxf6 Qg8 28. Rxd6 Rc8 29. c3 bxc3 30. Bxc3 1-0

[Event "Open Semana Santa 2023"]
[Site "?"]
[Date "2023.04.07"]
[Round "5.27"]
[White "IM Camacho Collados, Marcos"]
[Black "FM Fernandez Siles, Luis"]
[Result "1-0"]
[WhiteElo "2465"]
[BlackElo "2222"]
[Annotator "Usuario"]
[PlyCount "77"]

1. Nf3 d6 2. d4 Nf6 3. Nc3 Bf5 4. Nh4 Bd7 5. e4 e5 6. Nf3 Nc6 7. h3 g6 8. dxe5
Nxe5 9. Nxe5 dxe5 10. Bc4 h6 11. O-O Bc5 12. Qf3 c6 13. Be3 Bb4 14. a3 Bxc3 15.
bxc3 Qe7 16. Rfd1 b6 17. a4 Be6 18. Bxe6 Qxe6 19. a5 Rb8 20. Rd3 Ke7 21. axb6
axb6 22. Rad1 Qc4 23. Rd6 Nxe4 24. Rd7+ Kf8 25. h4 Kg7 26. R1d4 exd4 27. Bxd4+
Kg8 28. Qxe4 Rh7 29. Rd6 c5 30. Rxb6 Rd8 31. Rd6 Rb8 32. Rc6 Rd8 33. Rxc5 f5
34. Qe5 Qf7 $11 35. Qg3 Qe8 36. Rxf5 Rhd7 37. Rf6 Kh7 38. h5 gxh5 39. Qf4 1-0

[Event "Open Semana Santa 2023"]
[Site "?"]
[Date "2023.04.08"]
[Round "5.28"]
[White "GM Stella, Andrea"]
[Black "FM Hernandez Leon, Alberto"]
[Result "1-0"]
[WhiteElo "2447"]
[BlackElo "2218"]
[PlyCount "201"]
[EventDate "2023.??.??"]

1. d4 d5 2. c4 e6 3. Nc3 Nf6 4. cxd5 exd5 5. Bg5 Be7 6. e3 c6 7. Bd3 Nbd7 8. h3
O-O 9. Qc2 Re8 10. Nf3 Nf8 11. O-O Ne4 12. Bf4 Bd6 13. Nxe4 dxe4 14. Bxe4 Bxf4
15. exf4 Be6 16. Rfe1 Bd5 17. Bxd5 Qxd5 18. Re5 Qd7 19. Rae1 Ng6 20. R5e4 Rxe4
21. Qxe4 f6 22. f5 Nf8 23. Qe7 Rd8 24. Qb4 b5 25. Qc5 Qd5 26. Qxa7 Qxf5 27. Qc7
Qd5 28. b3 Rd7 29. Qc8 Rd8 30. Qg4 Kf7 31. Qf4 Ne6 32. Qe3 b4 33. Qc1 Rd6 34.
Qc2 g6 35. Qd2 c5 36. Qh6 cxd4 37. Qxh7+ Ng7 38. Rd1 Qe4 39. Qh8 d3 40. Qb8 Nf5
41. Qc7+ Kf8 42. Qc8+ Ke7 43. Qc7+ Kf8 44. Qc4 Nd4 45. Qc8+ Ke7 46. Nxd4 Rxd4
47. Qc1 Kf7 48. Re1 d2 49. Qxd2 Qxg2+ 50. Kxg2 Rxd2 51. Re4 Rxa2 52. Rxb4 g5
53. h4 Kg6 54. hxg5 Kxg5 55. Kf3 Rb2 56. Ke3 Kf5 57. Kf3 Kg5 58. Kg3 Kg6 59.
Rb5 Kf7 60. f3 Kg6 61. Kf4 Rb1 62. Kg3 Rf1 63. Kf4 Rb1 64. Rb8 Rb2 65. Rb7 Rb1
66. Rb5 Rb2 67. Ke3 Rb1 68. f4 Rf1 69. Ke4 Rb1 70. Ke3 Re1+ 71. Kf2 Rb1 72. b4
Rb3 73. Ke2 Rb1 74. f5+ Kg5 75. Kd3 Rf1 76. Rc5 Rb1 77. b5 Kf4 78. Kc2 Rb4 79.
Kc3 Rb1 80. Kd4 Rb4+ 81. Kc3 Rb1 82. Kd3 Rb2 83. Rd5 Rb1 84. Kd4 Rc1 85. b6 Rb1
86. Kc5 Ke4 87. Rd4+ Ke5 88. Rb4 Rc1+ 89. Rc4 Rb1 90. Kc6 Kxf5 91. b7 Rxb7 92.
Kxb7 Ke5 93. Rc8 f5 94. Kc6 Kd4 95. Rf8 Ke4 96. Kc5 f4 97. Kc4 Ke3 98. Kc3 f3
99. Re8+ Kf2 100. Kd2 Kg2 101. Rg8+ 1-0

[Event "Open Semana Santa 2023"]
[Site "?"]
[Date "2023.04.07"]
[Round "5.29"]
[White "IM Martinez Ramirez, Lennis"]
[Black "FM Yurkovskiy, Ivan"]
[Result "1/2-1/2"]
[WhiteElo "2428"]
[BlackElo "2216"]
[PlyCount "94"]
[EventDate "2023.??.??"]

1. c4 Nf6 2. Nc3 e6 3. Nf3 b6 4. e4 d6 5. d4 Be7 6. Bd3 O-O 7. e5 Ne8 8. h4 f5
9. exf6 Nxf6 10. Ng5 Nc6 11. Be3 d5 12. Rc1 Nb4 13. Bb1 dxc4 14. Nce4 h6 15.
Rxc4 Nbd5 16. Qc2 Ng4 17. Nc5 Rf5 18. Ncxe6 Ngxe3 19. fxe3 Nxe3 20. Qxf5 Nxf5
21. Nxd8 Bxd8 22. Bxf5 Bxf5 23. Nf3 Be6 24. Rc3 Bxa2 25. b3 Bb1 26. O-O Be4 27.
Re1 Bxf3 28. gxf3 Bxh4 29. Re4 Bf6 30. Rxc7 a5 31. Kf2 b5 32. d5 a4 33. bxa4
bxa4 34. Rcc4 Rd8 35. Rxa4 Rxd5 36. Ra8+ Kf7 37. Kg3 h5 38. Rea4 Kg6 39. R4a5
Rd1 40. Rh8 h4+ 41. Kf2 Rb1 42. f4 Rb2+ 43. Kf3 Rb3+ 44. Ke2 Rb2+ 45. Kd3 Rb3+
46. Ke4 Rb4+ 47. Kf3 Rb3+ 1/2-1/2

[Event "Open Semana Santa 2023"]
[Site "?"]
[Date "2023.04.07"]
[Round "5.30"]
[White "IM Cruz, Filemon"]
[Black "GM Hovhannisyan, Mher"]
[Result "0-1"]
[WhiteElo "2284"]
[BlackElo "2418"]
[Annotator "Usuario"]
[PlyCount "94"]
[EventDate "2023.??.??"]

1. c4 e6 2. Nf3 d5 3. e3 Nf6 4. b3 Be7 5. Bb2 a5 6. a3 c5 7. cxd5 exd5 8. d4
O-O 9. dxc5 Bxc5 10. Qc2 Bb6 11. Bd3 Nc6 12. O-O h6 13. Nbd2 Be6 14. Rac1 Rc8
15. Qb1 d4 16. exd4 Nxd4 17. Rxc8 Bxc8 18. Bc4 Bf5 19. Qa1 Nc2 20. Qc1 Qd6 21.
Be5 Qe7 22. Qb2 Rd8 23. h3 Nxa3 24. Bxf6 gxf6 25. Re1 Qd6 26. Ne4 Bxe4 27. Rxe4
Nxc4 28. Rxc4 Qd1+ 29. Kh2 Bc7+ 30. Rxc7 Qd6+ 31. g3 Qxc7 32. Qxf6 Qc8 33. Ne5
Qe6 34. Qf4 Kg7 35. Ng4 Rd5 36. Ne3 Re5 37. g4 Re4 38. Qf3 Rxe3 39. Qxe3 Qd5
40. Qe1 b6 41. Qe3 Qb7 42. Kg3 b5 43. h4 a4 44. Qf4 a3 45. Qf5 Qa6 46. g5 h5
47. g6 Qf6 0-1

[Event "Open Semana Santa 2023"]
[Site "?"]
[Date "2023.04.07"]
[Round "5.31"]
[White "Munoz Avila, Jose Luis"]
[Black "IM Poormosavi, Seyed Kian"]
[Result "0-1"]
[WhiteElo "2237"]
[BlackElo "2418"]
[PlyCount "84"]

1. d4 Nf6 2. Nf3 b6 3. g3 Bb7 4. Bg2 g6 5. c4 Bg7 6. O-O O-O 7. Re1 e6 8. Nc3
Ne4 9. Nxe4 Bxe4 10. Bg5 Qc8 11. Qd2 d6 12. Bh6 Nd7 13. Bxg7 Kxg7 14. Qc3 Nf6
15. Bh3 Qe8 16. Nd2 Bb7 17. e4 Qe7 18. f4 Rae8 19. Re3 Kg8 20. Rf1 a5 21. b3
Nd7 22. a3 c5 23. Nf3 cxd4 24. Qxd4 Nc5 25. e5 Rd8 26. Qb2 Bxf3 27. Rexf3 d5
28. cxd5 Rxd5 29. Bg2 Rfd8 30. b4 Nd3 31. Qb1 axb4 32. axb4 Rd4 33. b5 Qc5 34.
Kh1 Kg7 35. h4 h5 36. Kh2 Rb4 37. Qd1 Qd4 38. Qd2 Rb2 39. Rxd3 Rxd2 40. Rxd4
R8xd4 41. Kh3 Rb4 42. Bc6 Rbb2 0-1

[Event "Open Semana Santa 2023"]
[Site "?"]
[Date "2023.04.07"]
[Round "5.32"]
[White "IM Minzer, Claudio Javier"]
[Black "FM Tytynnik, Artem"]
[Result "0-1"]
[WhiteElo "2417"]
[BlackElo "2164"]
[PlyCount "120"]

1. c4 Nf6 2. Nc3 d5 3. cxd5 Nxd5 4. g3 Nxc3 5. bxc3 Bd7 6. Bg2 Bc6 7. Nf3 g6 8.
O-O Bg7 9. d4 O-O 10. Ba3 Re8 11. Re1 Nd7 12. e4 Bb5 13. Qb3 Ba6 14. e5 e6 15.
c4 c5 16. dxc5 Qc7 17. Qe3 Bxc4 18. Nd2 Nxe5 19. Rac1 Ba6 20. Qf4 Rec8 21. Ne4
Nd3 22. Nf6+ Kh8 23. Qh4 h6 24. c6 Nxe1 25. Rxe1 Qa5 26. Bb4 Qg5 27. Qxg5 hxg5
28. cxb7 Bxb7 29. Bxb7 Bxf6 30. Bxa8 Rxa8 31. Bc5 a6 32. Rb1 Rc8 33. Be3 Rc4
34. a3 g4 35. Rb6 Ra4 36. Rb3 Kg7 37. Kf1 Be7 38. Bc1 Kf6 39. Ke2 Bc5 40. Bb2+
e5 41. Rc3 Bd4 42. Rc6+ Kf5 43. Bxd4 exd4 44. Kd3 Ke5 45. Rc5+ Kd6 46. Rg5 f5
47. Rxg6+ Kd5 48. Rb6 Rxa3+ 49. Kd2 a5 50. Rb8 a4 51. Rd8+ Kc4 52. Rc8+ Kd5 53.
Rd8+ Ke4 54. Re8+ Kf3 55. Rf8 Kxf2 56. Rxf5+ Rf3 57. Rd5 a3 58. Rxd4 a2 59. Ra4
Kg2 60. Ke2 Rf1 0-1

[Event "Open Semana Santa 2023"]
[Site "?"]
[Date "2023.04.07"]
[Round "5.33"]
[White "FM Trigo Urquijo, Sergio"]
[Black "Cubillo Munoz, Miguel"]
[Result "1-0"]
[WhiteElo "2408"]
[BlackElo "2161"]
[PlyCount "63"]

1. Nf3 Nf6 2. g3 g6 3. Bg2 c5 4. O-O Nc6 5. c4 d6 6. d4 cxd4 7. Nxd4 Bd7 8. Nc2
Bg7 9. Nc3 O-O 10. b3 a6 11. Bb2 Rc8 12. Rb1 Bf5 13. e4 Bg4 14. Qd2 Qd7 15. Nd5
Nxd5 16. exd5 Nb8 17. Bxg7 Kxg7 18. Nd4 Bh3 19. Bxh3 Qxh3 20. Rfe1 Rfe8 21. Re4
Qh6 22. Qe2 Rc7 23. Re1 a5 24. Re6 Na6 25. Nf5+ gxf5 26. Rxh6 Kxh6 27. Qc2 Kg5
28. h4+ Kf6 29. Qd2 Rg8 30. Qh6+ Rg6 31. Qf8 h5 32. Re6# 1-0

[Event "Open Semana Santa 2023"]
[Site "?"]
[Date "2023.04.07"]
[Round "5.34"]
[White "Bermejo Martinez, Jorge"]
[Black "IM Lopez Mulet, Inigo"]
[Result "1-0"]
[WhiteElo "2215"]
[BlackElo "2403"]
[PlyCount "83"]

1. d4 e6 2. Nf3 c5 3. c3 Nf6 4. Bf4 d5 5. e3 Bd6 6. Bg3 Qc7 7. Nbd2 Nbd7 8.
Bxd6 Qxd6 9. dxc5 Qxc5 10. c4 O-O 11. Be2 b6 12. cxd5 Nxd5 13. O-O Bb7 14. a3
Qe7 15. Rc1 Rfd8 16. Qc2 Rac8 17. Qb1 Nc5 18. Rfd1 Qf6 19. Bf1 Ba8 20. Nc4 Qh6
21. b4 Na4 22. Qb3 b5 23. Nce5 a6 24. Rxc8 Rxc8 25. Rd4 Qf6 26. Qd1 h6 27. h4
g6 28. Ng4 Qg7 29. e4 Ndc3 30. Rd8+ Kh7 31. Qd7 Rxd8 32. Qxd8 Nxe4 33. Qxa8 f5
34. Nge5 g5 35. Qxa6 Qf6 36. Qxb5 Nac3 37. Qd7+ Kg8 38. Bc4 g4 39. Qxe6+ Qxe6
40. Bxe6+ Kg7 41. Nd4 Kf6 42. Nd7+ 1-0

[Event "Open Semana Santa 2023"]
[Site "?"]
[Date "2023.04.07"]
[Round "5.35"]
[White "IM Camacho Collados, Jose"]
[Black "Iglesias Ferreira, Andres"]
[Result "0-1"]
[WhiteElo "2400"]
[BlackElo "2150"]
[PlyCount "160"]

1. e4 c5 2. Nf3 d6 3. d4 cxd4 4. Qxd4 Nc6 5. Qe3 g6 6. Be2 Bg7 7. O-O Nf6 8. h3
O-O 9. Rd1 Nd7 10. Nc3 Qb6 11. Qg5 Nde5 12. Nxe5 Bxe5 13. Nd5 Qd8 14. c3 Be6
15. Qh4 Bxd5 16. exd5 Bf6 17. Bg5 Ne5 18. Bxf6 exf6 19. Rd4 Kg7 20. Qg3 f5 21.
h4 Qf6 22. Rb4 b6 23. a4 Nd7 24. a5 bxa5 25. Rxa5 Rfe8 26. Bf1 Nc5 27. Ra1 Re5
28. Rd1 a5 29. Rb6 f4 30. Qg4 h5 31. Qf3 Qxh4 32. Rxd6 Ne4 33. Rd7 Nf6 34. d6
Rae8 35. Rc7 Rf5 36. d7 Rd8 37. Qh3 Qg5 38. Be2 Rd5 39. Rxd5 Qxd5 40. Qd3 Qxd3
41. Bxd3 Nxd7 42. Ra7 Ne5 43. Bf1 Rd1 44. b3 Nd3 45. Rxa5 Nc1 46. Kh2 Nxb3 47.
Be2 Re1 48. Ra2 Nc1 49. Ra1 Rxe2 50. Rxc1 Rxf2 51. c4 f3 52. Kg3 Rxg2+ 53. Kxf3
Rd2 54. c5 Kf6 55. Ke4 Ke6 56. c6 Rd8 57. Kf4 Kd6 58. Kg5 Rc8 59. Kf6 Rc7 60.
Kg7 Rxc6 61. Re1 Rc7 62. Kf6 Kd5 63. Re8 Kd4 64. Re1 Rc2 65. Kxf7 Rg2 66. Kf6
h4 67. Rh1 g5 68. Kg6 Ke4 69. Kh5 Kf4 70. Rh3 Rg3 71. Rh2 Kf3 72. Ra2 h3 73.
Rb2 g4 74. Kh4 Rg2 75. Rb3+ Ke4 76. Rb4+ Kd5 77. Rb5+ Kc6 78. Rh5 h2 79. Kg5 g3
80. Kg4 Rg1 0-1